European Studies

Gespeichert in:
Bibliographische Detailangaben
Weitere Verfasser: Domanski, Ryszard
Format: Buch
Sprache:Englisch
Veröffentlicht: Poznan Akademia Ekonomiczna w Poznaniu 1995
Ausgabe:1. ed.
Schriftenreihe:Zeszyty naukowe Zeszyt 229
Schlagworte:
Tags: Tag hinzufügen
Keine Tags, Fügen Sie das erste Tag hinzu!

MARC

LEADER 00000nam a2200000 4500
001 c013142
005 20250509103950.0
041 0 |a eng 
044 |a PL 
245 1 0 |a European Studies  |c Red. Ryszard Domanski 
250 |a 1. ed. 
264 1 |a Poznan  |b Akademia Ekonomiczna w Poznaniu  |c 1995 
300 |a 142 s. 
490 1 |a Zeszyty naukowe  |v Zeszyt 229 
830 0 |a Zeszyty naukowe  |v Zeszyt 229 
610 2 0 |a štúdium vysokoškolské 
610 2 0 |a ekonómia 
610 2 0 |a kultúra 
610 2 0 |a situácia sociálna 
610 2 0 |a kooperácia 
610 2 0 |a politika peňažná 
610 2 0 |a rozpočty 
610 2 0 |a infraštruktúra 
610 2 0 |a obchod 
610 2 0 |a štruktúra ekonomická 
610 2 0 |a spolupráca medzinárodná 
610 2 0 |a imigrácia 
610 2 0 |a Európa 
610 2 0 |a USA 
700 1 |a Domanski, Ryszard